Depression in the battle field A congnitive of Gita/ (Record no. 189557)

MARC details
000 -LEADER
fixed length control field 00707nam a22001937a 4500
005 - DATE AND TIME OF LATEST TRANSACTION
control field 20220811105905.0
010 ## - LCCN (DPL NO)
LC control number B-745292
020 ## - INTERNATIONAL STANDARD BOOK NUMBER
International Standard Book Number 9789388583947
Terms of availability 295.00
035 ## - SYSTEM CONTROL NUMBER
System control number B-745292
037 ## - SOURCE OF ACQUISITION
Source of stock number/acquisition Sahitya Bhoomi
100 ## - MAIN ENTRY--PERSONAL NAME
Personal name Saxena, Ashok Kumar
245 ## - TITLE STATEMENT
Title Depression in the battle field A congnitive of Gita/
Statement of responsibility, etc Ashok Kumar Saxena
250 ## - EDITION STATEMENT
Edition statement First
260 ## - PUBLICATION, DISTRIBUTION, ETC. (IMPRINT)
Place of publication, distribution, etc New Delhi
Name of publisher, distributor, etc Sahitya Bhoomi
Date of publication, distribution, etc 2020
270 ## - ADDRESS
Address N-3/5A, Gurudwara Road, Mohan Garden,Uttam Nagar
City New Delhi
Postal code 110059
Telephone number 918383863238,7290973151
Electronic mail address sahityabhoomi@gmail.com
300 ## - PHYSICAL DESCRIPTION
Extent 103p.
Dimensions 23cm(hbk)
942 ## - ADDED ENTRY ELEMENTS (KOHA)
Source of classification or shelving scheme Dewey Decimal Classification
Item type English Books
Call number suffix SAX
Classification part 181.45
Holdings
Withdrawn status Lost status Not for loan Collection code Home library Current library Date acquired Source of acquisition Cost, normal purchase price Full call number Barcode Copy number Cost, replacement price Koha item type Public note
      Non-fiction Kadipur Kadipur 11/08/2022 11.8.2022/ Gift 295.00 181.45 SAX B-745292 1 295.00 English Books Gift

© Delhi Public Library
Hit Counter
free hit counter